Scottish planning policy SPP 3 planning for homes (Record no. 108917)
[ view plain ]
| 000 -LEADER | |
|---|---|
| fixed length control field | 01683cad a22002535a 4500 |
| 001 - CONTROL NUMBER | |
| control field | E144778 |
| 008 - FIXED-LENGTH DATA ELEMENTS--GENERAL INFORMATION | |
| fixed length control field | 080730s2008 xxk f s000 0 eng d |
| 020 ## - INTERNATIONAL STANDARD BOOK NUMBER | |
| International Standard Book Number | 9780755972791 |
| 035 ## - SYSTEM CONTROL NUMBER | |
| System control number | (Sirsi) u145778 |
| 041 0# - LANGUAGE CODE | |
| Language code of text/sound track or separate title | eng |
| 050 04 - LIBRARY OF CONGRESS CALL NUMBER | |
| Classification number | 711.1 $2 18 |
| 110 2# - MAIN ENTRY--CORPORATE NAME | |
| Corporate name or jurisdiction name as entry element | Scotland |
| Subordinate unit | Scottish Government |
| 9 (RLIN) | 5344 |
| 245 00 - TITLE STATEMENT | |
| Title | Scottish planning policy SPP 3 planning for homes |
| Remainder of title | strategic environmental assessment, post adoption SEA statement |
| Medium | [electronic resource] |
| 260 ## - PUBLICATION, DISTRIBUTION, ETC. | |
| Place of publication, distribution, etc. | Edinburgh |
| Name of publisher, distributor, etc. | Scottish Government |
| Date of publication, distribution, etc. | 2008 |
| 505 2# - FORMATTED CONTENTS NOTE | |
| Formatted contents note | Introduction: availability of documents; key facts; structure of the SEA Statement -- Response to environmental issues raised in the SEA: environmental issues and impacts identified in the environmental report; how opinions expressed during the consultation have been taken into account -- Revised mitigation schedule -- Reasons for choosing SPP3 as adopted, in the light of other reasonable alternatives -- Monitoring -- Conclusion -- Appendix 1: predicted effects arising from the goal of 35 000 homes per annum |
| 520 ## - SUMMARY, ETC. | |
| Summary, etc. | Sets out the ways in which SPP 3: Planning for homes (see E144582) was influenced by the Strategic Environmental Assessment which was carried out as part of the development process. Outlines the SEA process as a whole, and discusses future mitigation and environmental monitoring to be carried out. |
| 521 ## - TARGET AUDIENCE NOTE | |
| Target audience note | Introductory |
| 590 ## - LOCAL NOTE (RLIN) | |
| Local note | KA |
| 650 24 - SUBJECT ADDED ENTRY--TOPICAL TERM | |
| Topical term or geographic name entry element | SPP3 |
| 651 #4 - SUBJECT ADDED ENTRY--GEOGRAPHIC NAME | |
| Geographic name | Scotland |
| Chronological subdivision | 1999- |
| 690 ## - LOCAL SUBJECT ADDED ENTRY--TOPICAL TERM (OCLC, RLIN) | |
| Topical term or geographic name as entry element | PROPERTY-RESIDENTIAL PROPERTY-DOMESTIC RESIDENTIAL PROPERTY-HOUSING |
| 856 40 - ELECTRONIC LOCATION AND ACCESS | |
| Uniform Resource Identifier | <a href="https://www.scotland.gov.uk/Publications/2008/11/05155800/0">https://www.scotland.gov.uk/Publications/2008/11/05155800/0</a> |
| Public note | View the guidance free of charge at www.scotland.gov.uk... |
| 942 ## - ADDED ENTRY ELEMENTS (KOHA) | |
| Suppress in OPAC | 0 |
| Withdrawn status | Lost status | Source of classification or shelving scheme | Damaged status | Not for loan | Home library | Current library | Shelving location | Date acquired | Total Checkouts | Full call number | Barcode | Date last seen | Copy number | Price effective from | Koha item type |
|---|---|---|---|---|---|---|---|---|---|---|---|---|---|---|---|
| Dewey Decimal Classification | Virtual | Virtual | Online | 06/11/2008 | ONLINE PUBLICATION | 145778-2001 | 06/08/2019 | 1 | 06/08/2019 | Book |